CONTEMPORARY orthodontics

Kaydedildi:
Detaylı Bibliyografya
Yazar: PROFFIT, William R. … [et al.]
Materyal Türü: Kitap
Dil:İngilizce
Baskı/Yayın Bilgisi: Elsevier 2019
Etiketler: Etiketle
Etiket eklenmemiş, İlk siz ekleyin!

MARC

LEADER 00000nam a22000007a 4500
008 201217b ||||| |||| 00| 0 eng d
020 |a 978-0-323-54387-3 
100 |a PROFFIT, William R. … [et al.] 
245 |a CONTEMPORARY orthodontics  |c William R. Proffit … [et al.]  |g viii, 729p.; ill. 
250 |b 6th ed. 
260 |b Elsevier  |c 2019  |h Philadelphia  |i 685084  |l RK521 .C74  |m Orthodontics – Methods 
500 |a It includes bibliographical references and index 
942 |a lcc  |c BK  |e ADEYEYE Y.S.  |f 17/12/2020 
952 |0 0  |1 0  |2 lcc  |4 0  |6 RK0521 C74  |7 0  |9 619  |a HOL  |b HOL  |c QZ  |d 2020-12-17  |l 0  |o RK521 .C74  |p 2020-22937  |r 2020-12-17 00:00:00  |w 2020-12-17  |y BK 
999 |c 349  |d 349